000 00434cam a22001337a 4500
008 180718b2002 xxu||||| |||| 00| 0 eng d
100 _aKikeri, Sunita
245 _aPrivatization in competitive sectors: the record to date
_cby Sunita Kikeri and John Nellis
260 _aWashington, D.C.
_bWorld Bank
_c2002
300 _a50p.
440 _aPolicy research working paper, no. 2860
650 _aPrivatization
700 _aNellis, John
999 _c288051
_d288051